| 000 | 00346 a2200145 4500 | ||
|---|---|---|---|
| 001 | 61579 | ||
| 020 | _a8590230317 | ||
| 040 | _cAnchieta - Pituba | ||
| 100 | _aSilva Filho, José Alconso da | ||
| 240 | 1 | 0 |
_aFelizberto, o menino macaco _lpor |
| 245 | 1 | 0 | _aFelizberto, o menino macaco |
| 300 | _a93 | ||
| 650 | 4 | _aLiteratura juvenil | |
| 942 | _cBK | ||
| 999 |
_c61579 _d61579 |
||